| 000 | 00748cab a2200229 4500 | ||
|---|---|---|---|
| 001 | WB2747-18 | ||
| 008 | 090401t1991 xxu||||| |||| 00| 0 eng d | ||
| 035 | _a(Sirsi) u56344 | ||
| 041 | _aeng | ||
| 245 | _aArlington tarred by the BAe brush | ||
| 260 | _c1991 | ||
| 350 | _a0 | ||
| 490 |
_aFinancial Times _v29 November 1991, 14(1) |
||
| 520 | _aAfter the criticism leveled at its new parent company, British Aerospace, Arlington Securities is anxious to distance itself from hostile speculation and reassert its good name. | ||
| 650 | _aARLINGTON SECURITIES | ||
| 650 | _aPROPERTY COMPANIES | ||
| 650 | _aROVER | ||
| 650 | _aROYAL ORDNANCE | ||
| 690 | _aPROPERTY-PROPERTY FINANCE AND INVESTMENT | ||
| 942 | _n0 | ||
| 948 | _c04/03/1997 | ||
| 999 |
_c34360 _d34360 |
||